Hindu astrology and the west / (Record no. 181183)

MARC details
000 -LEADER
fixed length control field 00615nam a22001937a 4500
005 - DATE AND TIME OF LATEST TRANSACTION
control field 20210903164631.0
010 ## - LCCN (DPL NO)
LC control number B-741381
020 ## - INTERNATIONAL STANDARD BOOK NUMBER
International Standard Book Number 9788185273976
Terms of availability 140.00
035 ## - SYSTEM CONTROL NUMBER
System control number B-741381
037 ## - SOURCE OF ACQUISITION
Source of stock number/acquisition Gift
082 ## - DEWEY DECIMAL CLASSIFICATION NUMBER
Classification number 133.5
100 ## - MAIN ENTRY--PERSONAL NAME
Personal name Raman, B.V.
245 ## - TITLE STATEMENT
Title Hindu astrology and the west /
Statement of responsibility, etc by B.V. Raman
260 ## - PUBLICATION, DISTRIBUTION, ETC. (IMPRINT)
Place of publication, distribution, etc New Delhi
Name of publisher, distributor, etc UBS Publishers' Distributors
Date of publication, distribution, etc 2014
270 ## - ADDRESS
Address 5 Ansari Road, Daryaganj,
City Delhi
Postal code 110002
300 ## - PHYSICAL DESCRIPTION
Extent xvi, 304p.
Dimensions 18cm(pbk)
942 ## - ADDED ENTRY ELEMENTS (KOHA)
Source of classification or shelving scheme Dewey Decimal Classification
Item type English Books
Call number suffix RAM
Classification part 133.5
Holdings
Withdrawn status Lost status Not for loan Collection code Home library Current library Date acquired Source of acquisition Cost, normal purchase price Full call number Barcode Copy number Cost, replacement price Koha item type Public note
      Non-fiction Central Library Central Library 03/09/2021 Gift/Eng/18-08-2021 140.00 133.5 RAM B-741381 1 140.00 English Books Gift

© Delhi Public Library
Hit Counter
free hit counter